Bhutanese accounting standards : (Record no. 2837)

MARC details
000 -LEADER
fixed length control field 00524nam a2200193 4500
001 - CONTROL NUMBER
control field 3496
005 - DATE AND TIME OF LATEST TRANSACTION
control field 20181127171330.0
010 00 - LIBRARY OF CONGRESS CONTROL NUMBER
LC control number
020 00 - INTERNATIONAL STANDARD BOOK NUMBER
International Standard Book Number
090 00 - LOCALLY ASSIGNED LC-TYPE CALL NUMBER (OCLC); LOCAL CALL NUMBER (RLIN)
Classification number (OCLC) (R) ; Classification number, CALL (RLIN) (NR) 657.095498 A1725bhu 2012
100 00 - MAIN ENTRY--PERSONAL NAME
Personal name
245 00 - TITLE STATEMENT
Title Bhutanese accounting standards :
Remainder of title A proposal for implementation.
Statement of responsibility, etc.
Medium
250 00 - EDITION STATEMENT
Edition statement
260 00 - PUBLICATION, DISTRIBUTION, ETC.
Place of publication, distribution, etc. Thimphu :
Name of publisher, distributor, etc. Accounting and Auditing Standards Board of Bhutan,
Date of publication, distribution, etc. 2012.
300 00 - PHYSICAL DESCRIPTION
Extent vi, 90 p. ; 23 cm.
500 00 - GENERAL NOTE
General note
650 00 - SUBJECT ADDED ENTRY--TOPICAL TERM
Topical term or geographic name entry element Accounting --Standards --Bhutan.
General subdivision
Topical term or geographic name entry element Accounting --Standards.
General subdivision
Holdings
Withdrawn status Lost status Source of classification or shelving scheme Damaged status Not for loan Collection code Home library Current library Shelving location Date acquired Serial Enumeration / chronology Inventory number Total Checkouts Total Renewals Full call number Barcode Date last seen Date last checked out Copy number Price effective from Koha item type
    Dewey Decimal Classification     Main TEST RTC Library RTC Library Main opac 26/02/2021 5996 3 3 657.095 ACC 30006419 18/06/2021 26/02/2021 2 27/11/2018 Main
    Dewey Decimal Classification     Main TEST RTC Library RTC Library Main opac 01/03/2021 5997 3 1 657.095 ACC 30002801 27/09/2021 24/09/2021 1 27/11/2018 Main
Royal Thimphu College || All Right Reserved